Kto Zagrał na Euro 2024? #6: POLSKA - Statystyki

Ogólne statystyki
  • Ten quiz został rozwiązany 323 razy
  • Średni wynik to 10 z 11
Statystyki odpowiedzi
Pozycja Klub Zawodnik % Poprawnych
N Barcelona Robert Lewandowski
99%
BR Juventus Wojciech Szczęsny
99%
LP Roma Nicola Zalewski
97%
ŚP Napoli Piotr Zieliński
97%
ŚO Arsenal Jakub Kiwior
93%
ŚO Southampton Jan Bednarek
93%
PP Lens Przemysław Frankowski
86%
N Antalyaspor Adam Buksa
84%
ŚP Brighton Jakub Moder
80%
ŚPO Bologna Kacper Urbański
79%
ŚO Hellas Paweł Dawidowicz
74%
Nie znaleziono quizów pasujących do podanych kryteriów
Rozkład punktacji
Procent ludzi z każdym wynikiem
Percentyl według liczby udzielonych odpowiedzi
Twoja historia wyników
Nie rozwiązałeś tego quizu